| 000 | 01011nam a2200265 a 4500 | ||
|---|---|---|---|
| 001 | 55688 | ||
| 003 | BD-RjUL | ||
| 005 | 20211209080312.0 | ||
| 008 | 161121r19611922xx 000 0 eng | ||
| 035 | _a(BD-RjUL)55812 | ||
| 040 |
_aDLC _cOTU _dNNU _dCStRLIN _dNNC _dBD-RjUL _beng |
||
| 041 | _aeng | ||
| 082 |
_223 _a822.33 _bSHM 1961 |
||
| 100 | 1 |
_aShakespeare, William, _d1564-1616. _9165863 |
|
| 245 | 1 | 0 |
_aMeasure for measure / _cWilliam, Shakespeare and Quiller-Couch, Wilson, John Dover |
| 260 |
_aCambridge : _bThe University press, _cc1922 [reprinted 1050,1961] |
||
| 300 |
_axliii, [1], 176 p ; _c19 cm. |
||
| 490 | 1 | _aWorks of Shakespeare, ed. for the syndics of the Cambridge University press, by Sir A. Quiller-Couch and J. D. Wilson | |
| 500 | _a Index | ||
| 600 |
_aWilliam, Shakespeare _9164306 |
||
| 650 |
_aMeasure for measure (Shakespeare, William) _9166437 |
||
| 700 | 1 |
_aQuiller-Couch, Arthur, _d1863-1944. _9165864 |
|
| 700 | 1 |
_aWilson, John Dover, _d1881-1969. _9165865 |
|
| 942 |
_2ddc _cBK |
||
| 999 |
_c55688 _d55688 |
||